000
002560000a22000970004500
100
1
_a
Landrey, Pablo
245
1
0
_a
Putting LAM work in context
300
_a
Vol. 74, Num. 2 (Enero-Febrero, 1994), Página 5
773
0
_t
Latin America Evangelist
942
_c
ANA
999
_c
54781
_d
54781